Multivariate analysis /

Guardado en:
Autor Principal: Krzanowski, W. J.
Otros Autores: Marriott, F. H. C.
Formato: Libro
Idioma:English
Publicado: London : New York : E. Arnold ; Halsted Press, 1994-1995.
Series:Kendall's library of statistics ; 1-2
Materias:
Etiquetas: Agregar Etiqueta
Sin Etiquetas, Sea el primero en etiquetar este registro!
LEADER 01224cam a2200301 a 4500
001 MAT.inmabb003503
008 940830m19941995enka#####b####001#0#eng##
005 20130315163817.0
245 1 0 |a Multivariate analysis /  |c W. J. Krzanowski and F. H. C. Marriott. 
260 |a London :  |b E. Arnold ;  |a New York :  |b Halsted Press,  |c 1994-1995. 
300 |a 2 v. :  |b il. ;  |c 24 cm. 
440 0 |a Kendall's library of statistics ;  |v 1-2 
504 |a Incluye referencias bibliográficas e índices. 
505 0 |a pt. 1. Distributions, ordination and inference -- pt. 2. Classification, covariance structures and repeated measurements. 
510 4 |a MR,  |c 95h:62003  |3 (pt. 1) 
510 4 |a MR,  |c 96m:62002  |3 (pt. 2) 
020 |a 0340593261 (Arnold : pt. 1) 
020 |a 0470233826 (Halsted Press : pt. 1) 
020 |a 0340593253 (Arnold : pt. 2) 
020 |a 047023413X (Halsted Press : pt. 2) 
100 1 |a Krzanowski, W. J. 
700 1 |a Marriott, F. H. C.  |q (Francis Henry Charles) 
650 0 |a Multivariate analysis. 
084 |a 62-02 (62H10 62H25 62H30)  |2 msc2000 
010 |a  94035526  
040 |a DLC  |c DLC  |d DLC 
859 |h 62  |i K94  |p A-7534  |v 1  |3 Part 1  |b BIB. MATEMATICA 
859 |h 62  |i K94  |p A-7535  |v 2  |3 Part 2  |b BIB. MATEMATICA